[Event "I mi?dzynarodowy turniej szachowy"]
[Site "Jastrzebie-Zdroj"]
[Date "2018.08.22"]
[Round "6.1"]
[White "Czerw, Dawid"]
[Black "Molenda, Marcin"]
[Result "1/2-1/2"]
[BlackElo "2379"]
[WhiteElo "2254"]
[LiveChessVersion "1.4.8"]

1. c4 {[%clk 1:30:57]} e5 {[%clk 1:30:53]} 2. g3 {[%clk 1:31:23]} Nf6
{[%clk 1:31:17]} 3. Bg2 {[%clk 1:31:51]} Nc6 {[%clk 1:31:40]} 4. Nf3
{[%clk 1:32:15]} Bc5 {[%clk 1:29:40]} 5. O-O {[%clk 1:31:31]} d6 {[%clk 1:28:19]}
6. Nc3 {[%clk 1:30:48]} a6 {[%clk 1:26:58]} 7. e3 {[%clk 1:30:00]} O-O
{[%clk 1:25:45]} 8. d4 {[%clk 1:30:10]} exd4 {[%clk 1:25:23]} 9. exd4
{[%clk 1:29:44]} Ba7 {[%clk 1:25:39]} 10. h3 {[%clk 1:24:19]} Bf5
{[%clk 1:17:54]} 11. g4 {[%clk 1:17:27]} Bg6 {[%clk 1:07:54]} 12. Bg5
{[%clk 1:16:59]} h6 {[%clk 0:52:54]} 13. Bh4 {[%clk 1:15:36]} Nb8
{[%clk 0:50:02]} 14. g5 {[%clk 0:55:43]} hxg5 {[%clk 0:50:01]} 15. Nxg5
{[%clk 0:56:01]} Qc8 {[%clk 0:47:27]} 16. Nge4 {[%clk 0:45:23]} Nxe4
{[%clk 0:47:33]} 17. Nxe4 {[%clk 0:45:40]} Nc6 {[%clk 0:46:56]} 18. c5
{[%clk 0:43:56]} Re8 {[%clk 0:37:23]} 19. Ng3 {[%clk 0:33:44]} dxc5
{[%clk 0:37:06]} 20. d5 {[%clk 0:33:11]} Nd4 {[%clk 0:37:03]} 21. Rc1
{[%clk 0:32:23]} Qd7 {[%clk 0:35:42]} 22. Kh2 {[%clk 0:31:38]} Re5
{[%clk 0:32:35]} 23. f4 {[%clk 0:25:55]} Re3 {[%clk 0:31:10]} 24. f5
{[%clk 0:24:51]} Bxf5 {[%clk 0:27:06]} 25. Rxf5 {[%clk 0:21:45]} Rxg3
{[%clk 0:22:18]} 26. Bxg3 {[%clk 0:20:49]} Nxf5 {[%clk 0:22:25]} 27. Qg4
{[%clk 0:19:47]} Rd8 {[%clk 0:22:50]} 28. Be5 {[%clk 0:19:06]} f6
{[%clk 0:21:59]} 29. Be4 {[%clk 0:18:36]} Nh6 {[%clk 0:21:38]} 30. Qg6
{[%clk 0:17:47]} Nf7 {[%clk 0:16:32]} 31. Rg1 {[%clk 0:16:12]} Nxe5
{[%clk 0:15:27]} 32. Qh7+ {[%clk 0:16:36]} Kf8 {[%clk 0:15:51]} 33. Qh8+
{[%clk 0:17:01]} Ke7 {[%clk 0:16:09]} 34. Rxg7+ {[%clk 0:15:11]} Nf7
{[%clk 0:16:33]} 35. Rxf7+ {[%clk 0:13:02]} Kxf7 {[%clk 0:16:57]} 36. Qh7+
{[%clk 0:13:27]} Kf8 {[%clk 0:16:25]} 1/2-1/2

[Event "I mi?dzynarodowy turniej szachowy"]
[Site "Jastrzebie-Zdroj"]
[Date "2018.08.22"]
[Round "6.2"]
[White "Holly, Andrej"]
[Black "Poley, Vladimir"]
[Result "1/2-1/2"]
[BlackElo "2257"]
[WhiteElo "1903"]
[LiveChessVersion "1.4.8"]

1. c4 {[%clk 1:30:53]} b6 {[%clk 1:28:53]} 2. e3 {[%clk 1:28:13]} Bb7
{[%clk 1:29:05]} 3. d4 {[%clk 1:27:45]} e6 {[%clk 1:29:28]} 4. Nf3
{[%clk 1:27:46]} Nf6 {[%clk 1:25:33]} 5. Nc3 {[%clk 1:26:59]} Bb4
{[%clk 1:23:38]} 6. Bd2 {[%clk 1:24:22]} O-O {[%clk 1:22:26]} 7. Be2
{[%clk 1:23:29]} c5 {[%clk 1:14:38]} 8. O-O {[%clk 1:19:01]} cxd4
{[%clk 1:09:49]} 9. Nxd4 {[%clk 1:15:22]} Nc6 {[%clk 1:07:57]} 10. Ncb5
{[%clk 1:05:41]} Be7 {[%clk 1:04:30]} 11. Bf3 {[%clk 1:02:21]} Qc8
{[%clk 1:02:17]} 12. Rc1 {[%clk 0:59:46]} Ne5 {[%clk 1:01:09]} 13. Bxb7
{[%clk 0:56:53]} Qxb7 {[%clk 1:01:34]} 14. Qe2 {[%clk 0:54:19]} a6
{[%clk 0:55:32]} 15. Nc3 {[%clk 0:48:44]} Rfc8 {[%clk 0:55:54]} 16. b3
{[%clk 0:46:45]} Ba3 {[%clk 0:56:17]} 17. Rcd1 {[%clk 0:43:10]} Nc6
{[%clk 0:48:23]} 18. Bc1 {[%clk 0:37:07]} Bb4 {[%clk 0:41:44]} 19. Bb2
{[%clk 0:36:54]} b5 {[%clk 0:40:23]} 20. a3 {[%clk 0:31:00]} Bxc3
{[%clk 0:38:28]} 21. Bxc3 {[%clk 0:31:29]} bxc4 {[%clk 0:38:17]} 22. Nxc6
{[%clk 0:25:26]} Qxc6 {[%clk 0:38:08]} 23. Bxf6 {[%clk 0:25:46]} gxf6
{[%clk 0:38:30]} 24. bxc4 {[%clk 0:15:11]} Qxc4 {[%clk 0:38:47]} 25. Qf3
{[%clk 0:13:48]} d5 {[%clk 0:26:39]} 26. Rd4 {[%clk 0:11:48]} Qc3
{[%clk 0:26:43]} 27. Qxf6 {[%clk 0:11:02]} Rc4 {[%clk 0:26:52]} 28. Qg5+
{[%clk 0:08:07]} Kf8 {[%clk 0:27:10]} 29. Rxc4 {[%clk 0:05:43]} Qxc4
{[%clk 0:23:50]} 30. h3 {[%clk 0:04:06]} Qc2 {[%clk 0:23:31]} 31. Qe5
{[%clk 0:03:12]} Rc8 {[%clk 0:23:36]} 32. Qd6+ {[%clk 0:03:30]} Kg7
{[%clk 0:23:48]} 33. Qxa6 {[%clk 0:03:47]} Rc4 {[%clk 0:24:08]} 34. Qb5
{[%clk 0:03:21]} Qa2 {[%clk 0:22:23]} 35. Qb8 {[%clk 0:02:01]} Qxa3
{[%clk 0:21:43]} 36. Qg3+ {[%clk 0:01:31]} Kf6 {[%clk 0:21:53]} 37. Qb8
{[%clk 0:01:35]} Kg7 {[%clk 0:17:09]} 38. Qe5+ {[%clk 0:01:53]} Kg8
{[%clk 0:17:14]} 39. Qb8+ {[%clk 0:02:18]} 1/2-1/2

[Event "I mi?dzynarodowy turniej szachowy"]
[Site "Jastrzebie-Zdroj"]
[Date "2018.08.22"]
[Round "6.3"]
[White "Smolka, Marcin"]
[Black "Galuszka, Tomasz"]
[Result "1-0"]
[BlackElo "2022"]
[WhiteElo "2170"]
[LiveChessVersion "1.4.8"]

1. d4 {[%clk 1:25:18]} d5 {[%clk 1:30:55]} 2. c4 {[%clk 1:25:39]} c6
{[%clk 1:31:19]} 3. Nc3 {[%clk 1:26:02]} Nf6 {[%clk 1:31:39]} 4. Nf3
{[%clk 1:26:24]} e6 {[%clk 1:32:00]} 5. e3 {[%clk 1:26:47]} Nbd7 {[%clk 1:32:04]}
6. Bd3 {[%clk 1:27:04]} Bd6 {[%clk 1:31:52]} 7. e4 {[%clk 1:27:24]} dxc4
{[%clk 1:31:45]} 8. Bxc4 {[%clk 1:27:46]} e5 {[%clk 1:31:53]} 9. dxe5
{[%clk 1:28:03]} Nxe5 {[%clk 1:25:30]} 10. Nxe5 {[%clk 1:28:06]} Bxe5
{[%clk 1:25:54]} 11. Qxd8+ {[%clk 1:28:33]} Kxd8 {[%clk 1:26:16]} 12. Bxf7
{[%clk 1:28:49]} Bxc3+ {[%clk 1:24:47]} 13. bxc3 {[%clk 1:29:14]} Nxe4
{[%clk 1:24:25]} 14. O-O {[%clk 1:20:32]} Ke7 {[%clk 1:15:33]} 15. Bb3
{[%clk 1:17:13]} Bf5 {[%clk 1:08:22]} 16. Re1 {[%clk 0:58:59]} Kd7
{[%clk 1:06:04]} 17. g4 {[%clk 0:49:26]} Bg6 {[%clk 1:05:53]} 18. f4
{[%clk 0:49:42]} Nc5 {[%clk 0:52:39]} 19. Ba3 {[%clk 0:49:06]} Nxb3
{[%clk 0:52:45]} 20. Re7+ {[%clk 0:48:48]} Kc8 {[%clk 0:53:10]} 21. axb3
{[%clk 0:48:54]} Re8 {[%clk 0:44:54]} 22. Rae1 {[%clk 0:47:42]} 1-0

[Event "I mi?dzynarodowy turniej szachowy"]
[Site "Jastrzebie-Zdroj"]
[Date "2018.08.22"]
[Round "6.4"]
[White "Horvath, Tomas"]
[Black "Helis, Tadeusz"]
[Result "1/2-1/2"]
[BlackElo "2166"]
[WhiteElo "1962"]
[LiveChessVersion "1.4.8"]

1. e4 {[%clk 1:30:51]} c5 {[%clk 1:23:59]} 2. d4 {[%clk 1:31:15]} cxd4
{[%clk 1:24:24]} 3. c3 {[%clk 1:31:41]} d3 {[%clk 1:24:49]} 4. Bxd3
{[%clk 1:32:06]} Nc6 {[%clk 1:25:12]} 5. c4 {[%clk 1:31:59]} g6 {[%clk 1:24:07]}
6. Nc3 {[%clk 1:31:28]} Bg7 {[%clk 1:24:31]} 7. Nf3 {[%clk 1:30:56]} Nf6
{[%clk 1:23:27]} 8. O-O {[%clk 1:30:12]} O-O {[%clk 1:23:38]} 9. h3
{[%clk 1:29:31]} d6 {[%clk 1:23:18]} 10. Be3 {[%clk 1:28:09]} Nd7
{[%clk 1:20:43]} 11. Qd2 {[%clk 1:25:02]} Nc5 {[%clk 1:20:48]} 12. Rac1
{[%clk 1:20:18]} Qa5 {[%clk 0:57:19]} 13. Bb1 {[%clk 1:14:16]} Be6
{[%clk 0:57:38]} 14. b3 {[%clk 1:13:25]} Rfc8 {[%clk 0:56:44]} 15. Rfd1
{[%clk 1:09:15]} a6 {[%clk 0:52:54]} 16. Nd5 {[%clk 1:07:17]} Qxd2
{[%clk 0:45:42]} 17. Rxd2 {[%clk 1:03:19]} Nd7 {[%clk 0:42:15]} 18. Rdd1
{[%clk 0:54:01]} Rab8 {[%clk 0:40:23]} 19. Nb6 {[%clk 0:51:19]} Nxb6
{[%clk 0:40:40]} 20. Bxb6 {[%clk 0:51:44]} Bf6 {[%clk 0:26:28]} 21. c5
{[%clk 0:48:17]} dxc5 {[%clk 0:25:38]} 22. Rxc5 {[%clk 0:47:25]} h6
{[%clk 0:24:15]} 23. Kf1 {[%clk 0:43:32]} 1/2-1/2

[Event "I mi?dzynarodowy turniej szachowy"]
[Site "Jastrzebie-Zdroj"]
[Date "2018.08.22"]
[Round "6.5"]
[White "Trybus, Daniel"]
[Black "Berlin, Tatiana"]
[Result "1-0"]
[BlackElo "2138"]
[WhiteElo "1736"]
[LiveChessVersion "1.4.8"]

1. d4 {[%clk 1:30:37]} d5 {[%clk 1:30:50]} 2. c4 {[%clk 1:30:58]} e6
{[%clk 1:31:16]} 3. cxd5 {[%clk 1:31:12]} exd5 {[%clk 1:31:43]} 4. Nc3
{[%clk 1:31:38]} c6 {[%clk 1:31:01]} 5. Nf3 {[%clk 1:31:58]} Nf6 {[%clk 1:29:29]}
6. Bg5 {[%clk 1:32:02]} Nbd7 {[%clk 1:29:02]} 7. e3 {[%clk 1:32:10]} Bb4
{[%clk 1:28:34]} 8. Qc2 {[%clk 1:31:44]} h6 {[%clk 1:26:57]} 9. Bh4
{[%clk 1:31:27]} Qa5 {[%clk 1:24:09]} 10. Bd3 {[%clk 1:29:55]} O-O
{[%clk 1:24:19]} 11. O-O {[%clk 1:29:59]} Re8 {[%clk 1:23:10]} 12. a3
{[%clk 1:29:30]} Bxc3 {[%clk 1:22:56]} 13. bxc3 {[%clk 1:29:13]} Ne4
{[%clk 1:23:11]} 14. c4 {[%clk 1:28:50]} Nf8 {[%clk 1:16:02]} 15. cxd5
{[%clk 1:24:10]} cxd5 {[%clk 1:14:05]} 16. Ne5 {[%clk 1:22:54]} Bd7
{[%clk 1:04:41]} 17. f3 {[%clk 1:16:14]} Rac8 {[%clk 1:03:53]} 18. Be1
{[%clk 1:15:29]} Qb6 {[%clk 1:01:22]} 19. Rb1 {[%clk 1:12:47]} Qe6
{[%clk 0:58:08]} 20. Qb3 {[%clk 1:11:37]} Nc5 {[%clk 0:57:41]} 21. dxc5
{[%clk 1:09:34]} Qxe5 {[%clk 0:58:08]} 22. Bf2 {[%clk 1:09:11]} Rxc5
{[%clk 0:52:39]} 23. Qxb7 {[%clk 1:01:58]} Rc3 {[%clk 0:52:35]} 24. Rb3
{[%clk 0:54:29]} Rxb3 {[%clk 0:51:12]} 25. Qxb3 {[%clk 0:54:57]} Rb8
{[%clk 0:51:30]} 26. Qc2 {[%clk 0:55:11]} Rc8 {[%clk 0:50:03]} 27. Qa2
{[%clk 0:47:56]} Ne6 {[%clk 0:44:26]} 28. Rd1 {[%clk 0:45:39]} Nc5
{[%clk 0:43:38]} 29. Bc2 {[%clk 0:45:13]} Be6 {[%clk 0:43:10]} 30. Qb1
{[%clk 0:41:08]} Qc3 {[%clk 0:40:47]} 31. a4 {[%clk 0:37:23]} g6 {[%clk 0:36:56]}
32. e4 {[%clk 0:30:59]} dxe4 {[%clk 0:36:35]} 33. Bxe4 {[%clk 0:30:58]} Nxe4
{[%clk 0:31:39]} 34. Qxe4 {[%clk 0:31:08]} Bf5 {[%clk 0:31:25]} 35. Qf4
{[%clk 0:30:01]} Bc2 {[%clk 0:28:35]} 36. Bd4 {[%clk 0:28:05]} Qc7
{[%clk 0:28:29]} 37. Qf6 {[%clk 0:28:15]} Kf8 {[%clk 0:27:58]} 38. Re1 1-0

[Event "I mi?dzynarodowy turniej szachowy"]
[Site "Jastrzebie-Zdroj"]
[Date "2018.08.22"]
[Round "6.6"]
[White "Bakalarz, Mietek"]
[Black "Oborski, Artur"]
[Result "1-0"]
[BlackElo "1988"]
[WhiteElo "2289"]
[LiveChessVersion "1.4.8"]

1. d4 {[%clk 1:25:09]} Nf6 {[%clk 1:30:45]} 2. Bf4 {[%clk 1:25:32]} d5
{[%clk 1:30:59]} 3. e3 {[%clk 1:24:54]} e6 {[%clk 1:31:12]} 4. Nd2
{[%clk 1:23:47]} c5 {[%clk 1:31:30]} 5. Ngf3 {[%clk 1:22:49]} Nc6
{[%clk 1:31:47]} 6. c3 {[%clk 1:21:11]} Bd6 {[%clk 1:32:00]} 7. Bg5
{[%clk 1:17:20]} O-O {[%clk 1:21:33]} 8. Bd3 {[%clk 1:14:41]} e5 {[%clk 1:14:12]}
9. dxe5 {[%clk 1:13:45]} Nxe5 {[%clk 1:14:27]} 10. Nxe5 {[%clk 1:14:08]} Bxe5
{[%clk 1:14:41]} 11. O-O {[%clk 1:06:56]} b6 {[%clk 1:03:46]} 12. f4
{[%clk 0:51:26]} Bd6 {[%clk 1:02:10]} 13. e4 {[%clk 0:51:30]} Be7
{[%clk 1:00:07]} 14. Bxf6 {[%clk 0:28:14]} Bxf6 {[%clk 1:00:27]} 15. exd5
{[%clk 0:28:39]} Bb7 {[%clk 1:00:22]} 16. Ne4 {[%clk 0:28:58]} Bxd5
{[%clk 0:55:21]} 17. Nxf6+ {[%clk 0:28:54]} Qxf6 {[%clk 0:53:18]} 18. Qh5
{[%clk 0:26:01]} Rfd8 {[%clk 0:53:32]} 19. Qxh7+ {[%clk 0:25:24]} Kf8
{[%clk 0:53:53]} 20. Qh8+ {[%clk 0:16:50]} Ke7 {[%clk 0:53:40]} 21. Rae1+
{[%clk 0:17:18]} Be6 {[%clk 0:53:52]} 22. Qh3 {[%clk 0:17:39]} Kd7
{[%clk 0:45:23]} 23. Qf3 {[%clk 0:08:55]} Kc7 {[%clk 0:45:09]} 24. Re5
{[%clk 0:09:12]} Bd7 {[%clk 0:44:25]} 25. Rfe1 {[%clk 0:08:37]} Re8
{[%clk 0:43:30]} 26. Rxe8 {[%clk 0:08:15]} Rxe8 {[%clk 0:43:53]} 27. Rxe8
{[%clk 0:08:43]} Bxe8 {[%clk 0:44:13]} 28. Qa8 {[%clk 0:08:40]} Bc6
{[%clk 0:42:38]} 29. Qxa7+ {[%clk 0:09:04]} Kd6 {[%clk 0:41:57]} 30. Qxb6
{[%clk 0:07:21]} Qe6 {[%clk 0:40:13]} 31. Qb8+ {[%clk 0:06:52]} Kd7
{[%clk 0:40:36]} 32. Qe5 1-0

[Event "I mi?dzynarodowy turniej szachowy"]
[Site "Jastrzebie-Zdroj"]
[Date "2018.08.22"]
[Round "6.7"]
[White "Durica, Adam"]
[Black "Tymrakiewicz, Rafal"]
[Result "1/2-1/2"]
[BlackElo "2192"]
[WhiteElo "2040"]
[LiveChessVersion "1.4.8"]

1. c4 {[%clk 1:30:57]} e5 {[%clk 1:30:01]} 2. Nc3 {[%clk 1:31:18]} Nf6
{[%clk 1:28:23]} 3. g3 {[%clk 1:29:06]} c6 {[%clk 1:25:51]} 4. e4
{[%clk 1:28:31]} Bc5 {[%clk 1:14:57]} 5. Bg2 {[%clk 1:23:18]} d6 {[%clk 1:11:32]}
6. h3 {[%clk 1:18:31]} Be6 {[%clk 1:03:57]} 7. d3 {[%clk 1:18:46]} b5
{[%clk 0:58:35]} 8. b3 {[%clk 1:04:52]} Qb6 {[%clk 0:53:56]} 9. Qc2
{[%clk 1:01:37]} Nbd7 {[%clk 0:49:25]} 10. Nf3 {[%clk 0:57:07]} a5
{[%clk 0:46:30]} 11. O-O {[%clk 0:55:12]} O-O {[%clk 0:43:53]} 12. Kh2
{[%clk 0:50:17]} Rac8 {[%clk 0:40:16]} 13. Ng5 {[%clk 0:44:09]} Bd4
{[%clk 0:38:04]} 14. Rb1 {[%clk 0:41:08]} d5 {[%clk 0:33:48]} 15. Nxe6
{[%clk 0:39:15]} fxe6 {[%clk 0:33:52]} 16. Nd1 {[%clk 0:38:25]} Rcd8
{[%clk 0:24:41]} 17. a3 {[%clk 0:29:42]} b4 {[%clk 0:24:23]} 18. Ne3
{[%clk 0:28:36]} dxe4 {[%clk 0:23:55]} 19. dxe4 {[%clk 0:28:48]} bxa3
{[%clk 0:18:07]} 20. Bxa3 {[%clk 0:28:53]} c5 {[%clk 0:16:23]} 21. Nd1
{[%clk 0:27:16]} Nb8 {[%clk 0:16:25]} 22. Nc3 {[%clk 0:27:24]} Nc6
{[%clk 0:16:03]} 23. Nb5 {[%clk 0:25:50]} Rf7 {[%clk 0:16:29]} 24. Qe2
{[%clk 0:18:50]} Rdf8 {[%clk 0:16:23]} 25. f4 {[%clk 0:18:05]} exf4
{[%clk 0:09:43]} 26. gxf4 {[%clk 0:18:25]} g6 {[%clk 0:09:02]} 27. e5
{[%clk 0:17:18]} Nh5 {[%clk 0:09:10]} 28. Bxc6 {[%clk 0:17:12]} Qxc6
{[%clk 0:03:41]} 29. Nxd4 {[%clk 0:17:36]} cxd4 {[%clk 0:04:07]} 30. Bxf8
{[%clk 0:17:59]} Rxf8 {[%clk 0:04:27]} 31. Qg4 {[%clk 0:17:26]} Ng7
{[%clk 0:04:25]} 1/2-1/2

[Event "I mi?dzynarodowy turniej szachowy"]
[Site "Jastrzebie-Zdroj"]
[Date "2018.08.22"]
[Round "6.8"]
[White "Wieczorek, Jakub"]
[Black "Raszka, Janusz"]
[Result "0-1"]
[BlackElo "2140"]
[WhiteElo "1710"]
[LiveChessVersion "1.4.8"]

1. e4 {[%clk 1:30:48]} c5 {[%clk 1:30:48]} 2. Nf3 {[%clk 1:30:20]} e6
{[%clk 1:31:06]} 3. d4 {[%clk 1:30:40]} cxd4 {[%clk 1:31:23]} 4. Nxd4
{[%clk 1:31:06]} a6 {[%clk 1:29:35]} 5. c4 {[%clk 1:31:00]} Nf6 {[%clk 1:28:07]}
6. Bd3 {[%clk 1:25:26]} Nc6 {[%clk 1:26:51]} 7. Be3 {[%clk 1:21:44]} Qc7
{[%clk 1:21:01]} 8. Nc3 {[%clk 1:15:33]} Ne5 {[%clk 1:20:28]} 9. Rc1
{[%clk 1:12:54]} Neg4 {[%clk 1:20:15]} 10. Nc2 {[%clk 1:02:27]} Nxe3
{[%clk 1:10:51]} 11. Nxe3 {[%clk 1:02:53]} Bc5 {[%clk 1:09:05]} 12. O-O
{[%clk 0:58:42]} Bxe3 {[%clk 1:04:30]} 13. fxe3 {[%clk 0:59:07]} b6
{[%clk 1:04:41]} 14. Rf4 {[%clk 0:50:01]} Bb7 {[%clk 1:01:25]} 15. b4
{[%clk 0:46:48]} d6 {[%clk 1:00:40]} 16. Qc2 {[%clk 0:40:59]} Nd7
{[%clk 0:59:29]} 17. Rg4 {[%clk 0:35:39]} g6 {[%clk 0:58:06]} 18. Ne2
{[%clk 0:33:47]} Ne5 {[%clk 0:57:30]} 19. Qc3 {[%clk 0:33:23]} O-O
{[%clk 0:57:01]} 20. Rh4 {[%clk 0:32:16]} Rac8 {[%clk 0:55:38]} 21. Nd4
{[%clk 0:31:41]} Qe7 {[%clk 0:55:08]} 22. Rh3 {[%clk 0:31:22]} b5
{[%clk 0:53:07]} 23. Qb3 {[%clk 0:23:17]} bxc4 {[%clk 0:52:31]} 24. Bxc4
{[%clk 0:23:43]} d5 {[%clk 0:52:30]} 25. exd5 {[%clk 0:13:28]} exd5
{[%clk 0:52:49]} 26. Nf5 {[%clk 0:13:06]} gxf5 {[%clk 0:52:09]} 27. Qb1
{[%clk 0:12:32]} Rxc4 {[%clk 0:50:57]} 28. Rf1 {[%clk 0:10:19]} Ng6
{[%clk 0:50:37]} 29. Qb2 {[%clk 0:08:40]} d4 {[%clk 0:44:33]} 30. exd4
{[%clk 0:03:36]} Qe4 {[%clk 0:44:49]} 31. Rf2 {[%clk 0:01:21]} Qxd4
{[%clk 0:44:01]} 0-1

[Event "I mi?dzynarodowy turniej szachowy"]
[Site "Jastrzebie-Zdroj"]
[Date "2018.08.22"]
[Round "6.9"]
[White "Pilch, Roman"]
[Black "Palczert, Matyas"]
[Result "1-0"]
[BlackElo "1845"]
[WhiteElo "2129"]
[LiveChessVersion "1.4.8"]

1. Nf3 {[%clk 1:30:56]} Nf6 {[%clk 1:24:52]} 2. b3 {[%clk 1:31:13]} d5
{[%clk 1:24:52]} 3. Bb2 {[%clk 1:31:05]} e6 {[%clk 1:24:53]} 4. e3
{[%clk 1:30:58]} Be7 {[%clk 1:24:25]} 5. c4 {[%clk 1:30:05]} O-O {[%clk 1:24:13]}
6. Nc3 {[%clk 1:29:34]} c5 {[%clk 1:22:27]} 7. cxd5 {[%clk 1:28:04]} exd5
{[%clk 1:22:41]} 8. d4 {[%clk 1:27:40]} Nc6 {[%clk 1:21:43]} 9. Be2
{[%clk 1:27:54]} Ne4 {[%clk 1:08:18]} 10. O-O {[%clk 1:20:50]} cxd4
{[%clk 1:07:46]} 11. Nxd4 {[%clk 1:18:33]} Nxd4 {[%clk 1:07:33]} 12. exd4
{[%clk 1:16:05]} Nxc3 {[%clk 1:07:40]} 13. Bxc3 {[%clk 1:16:32]} Bf5
{[%clk 1:07:31]} 14. Qd2 {[%clk 1:14:19]} Rc8 {[%clk 1:06:45]} 15. Rac1
{[%clk 1:13:58]} Ba3 {[%clk 1:04:21]} 16. Bb2 {[%clk 1:11:44]} Bxb2
{[%clk 1:01:19]} 17. Qxb2 {[%clk 1:12:12]} Qd7 {[%clk 1:00:37]} 18. Qa3
{[%clk 1:10:08]} a6 {[%clk 0:58:15]} 19. Rxc8 {[%clk 1:05:13]} Rxc8
{[%clk 0:58:09]} 20. Rc1 {[%clk 1:05:19]} Rxc1+ {[%clk 0:53:25]} 21. Qxc1
{[%clk 1:05:46]} Qc8 {[%clk 0:53:11]} 22. Qxc8+ {[%clk 1:03:46]} Bxc8
{[%clk 0:53:32]} 23. f4 {[%clk 1:03:43]} f5 {[%clk 0:50:33]} 24. Kf2
{[%clk 1:02:35]} g6 {[%clk 0:47:53]} 25. Bf3 {[%clk 1:01:32]} Be6
{[%clk 0:48:09]} 26. b4 {[%clk 0:56:55]} b5 {[%clk 0:47:35]} 27. h3
{[%clk 0:55:40]} h5 {[%clk 0:45:15]} 28. Kg3 {[%clk 0:52:21]} Kf7
{[%clk 0:44:48]} 29. Kh4 {[%clk 0:52:39]} Kf6 {[%clk 0:44:39]} 30. g3
{[%clk 0:51:05]} Bf7 {[%clk 0:43:37]} 31. g4 {[%clk 0:49:15]} hxg4
{[%clk 0:43:46]} 32. hxg4 {[%clk 0:49:37]} Bg8 {[%clk 0:34:20]} 33. Bd1
{[%clk 0:48:11]} Bf7 {[%clk 0:33:19]} 34. Be2 {[%clk 0:43:40]} Be8
{[%clk 0:31:38]} 35. Kg3 {[%clk 0:42:04]} Bd7 {[%clk 0:30:23]} 36. Bf3
{[%clk 0:41:18]} Bc6 {[%clk 0:30:01]} 37. Bg2 {[%clk 0:39:00]} g5
{[%clk 0:27:14]} 38. gxf5 {[%clk 0:35:15]} Kxf5 {[%clk 0:27:19]} 39. fxg5
{[%clk 0:35:21]} Kxg5 {[%clk 0:27:32]} 40. Bh3 {[%clk 0:35:43]} Bb7
{[%clk 0:26:06]} 41. Bg4 {[%clk 0:36:00]} a5 {[%clk 0:16:18]} 42. bxa5
{[%clk 0:35:16]} b4 {[%clk 0:15:56]} 43. Bd7 {[%clk 0:34:31]} Ba6
{[%clk 0:09:32]} 44. Bc6 {[%clk 0:32:58]} Bc4 {[%clk 0:09:22]} 45. Bb7
{[%clk 0:33:01]} Kf5 {[%clk 0:08:40]} 46. Kf3 {[%clk 0:32:32]} Ke6
{[%clk 0:07:37]} 47. a6 {[%clk 0:32:45]} Bxa6 {[%clk 0:08:00]} 48. Bxa6
{[%clk 0:33:13]} Kd6 {[%clk 0:08:19]} 49. Kf4 {[%clk 0:33:31]} Kc6
{[%clk 0:08:29]} 50. Ke5 {[%clk 0:33:49]} Kb6 {[%clk 0:08:50]} 51. Bd3
{[%clk 0:34:08]} 1-0

[Event "I mi?dzynarodowy turniej szachowy"]
[Site "Jastrzebie-Zdroj"]
[Date "2018.08.22"]
[Round "6.10"]
[White "Drozniak, Stanislaw"]
[Black "Palczert, Botond"]
[Result "1-0"]
[BlackElo "1898"]
[WhiteElo "2062"]
[LiveChessVersion "1.4.8"]

1. e4 {[%clk 1:30:57]} c5 {[%clk 1:23:13]} 2. Nf3 {[%clk 1:31:20]} Nc6
{[%clk 1:23:30]} 3. Bb5 {[%clk 1:31:41]} g6 {[%clk 1:23:37]} 4. Bxc6
{[%clk 1:32:04]} dxc6 {[%clk 1:23:51]} 5. d3 {[%clk 1:32:30]} Bg7
{[%clk 1:24:00]} 6. h3 {[%clk 1:32:55]} Nf6 {[%clk 1:23:45]} 7. Nc3
{[%clk 1:33:18]} O-O {[%clk 1:23:13]} 8. O-O {[%clk 1:33:15]} Qc7
{[%clk 1:15:16]} 9. Be3 {[%clk 1:32:02]} b6 {[%clk 1:15:28]} 10. Qd2
{[%clk 1:29:53]} e5 {[%clk 1:15:11]} 11. Bh6 {[%clk 1:17:23]} Re8
{[%clk 1:15:17]} 12. Bxg7 {[%clk 1:16:04]} Kxg7 {[%clk 1:15:44]} 13. Rae1
{[%clk 1:13:57]} Nd7 {[%clk 1:15:45]} 14. Nh2 {[%clk 1:14:01]} Nf8
{[%clk 1:08:13]} 15. f4 {[%clk 1:13:02]} f5 {[%clk 1:06:47]} 16. exf5
{[%clk 1:05:59]} Bxf5 {[%clk 1:06:48]} 17. fxe5 {[%clk 1:06:14]} Rxe5
{[%clk 1:00:48]} 18. Qf4 {[%clk 1:05:36]} Re7 {[%clk 1:01:14]} 19. g4
{[%clk 1:05:47]} Be6 {[%clk 1:01:02]} 20. Qxc7 {[%clk 1:03:10]} Rxc7
{[%clk 1:01:30]} 21. Rxf8 {[%clk 1:03:26]} Rxf8 {[%clk 1:00:52]} 22. Rxe6
{[%clk 1:03:24]} Rf6 {[%clk 1:00:42]} 23. Re2 {[%clk 1:03:24]} h6
{[%clk 0:59:36]} 24. Kg2 {[%clk 1:03:31]} Rcf7 {[%clk 0:57:53]} 25. h4
{[%clk 1:02:23]} Rf4 {[%clk 0:57:16]} 26. Kg3 {[%clk 0:59:24]} c4
{[%clk 0:54:59]} 27. Ne4 {[%clk 0:59:22]} cxd3 {[%clk 0:54:41]} 28. cxd3
{[%clk 0:59:49]} Kh7 {[%clk 0:51:43]} 29. g5 {[%clk 0:59:30]} hxg5
{[%clk 0:51:22]} 30. Nxg5+ {[%clk 0:59:52]} 1-0

[Event "I mi?dzynarodowy turniej szachowy"]
[Site "Jastrzebie-Zdroj"]
[Date "2018.08.22"]
[Round "6.11"]
[White "Priechodsky, Radovan"]
[Black "Sieber, Martin"]
[Result "0-1"]
[BlackElo "2110"]
[WhiteElo "1790"]
[LiveChessVersion "1.4.8"]

1. c4 {[%clk 1:30:51]} e5 {[%clk 1:30:45]} 2. d3 {[%clk 1:30:59]} Nc6
{[%clk 1:31:03]} 3. Nf3 {[%clk 1:31:18]} Bb4+ {[%clk 1:31:08]} 4. Bd2
{[%clk 1:30:47]} Bxd2+ {[%clk 1:31:29]} 5. Qxd2 {[%clk 1:31:04]} d6
{[%clk 1:31:43]} 6. Nc3 {[%clk 1:31:22]} f5 {[%clk 1:31:32]} 7. g3
{[%clk 1:30:41]} Nf6 {[%clk 1:31:17]} 8. Bg2 {[%clk 1:30:47]} O-O
{[%clk 1:30:09]} 9. O-O {[%clk 1:29:44]} h6 {[%clk 1:24:39]} 10. e4
{[%clk 1:26:05]} fxe4 {[%clk 1:22:51]} 11. dxe4 {[%clk 1:26:23]} Bg4
{[%clk 1:23:00]} 12. Rfe1 {[%clk 1:23:49]} Qd7 {[%clk 1:18:16]} 13. Re3
{[%clk 1:02:10]} Bh3 {[%clk 1:15:29]} 14. Nd5 {[%clk 1:00:34]} Bxg2
{[%clk 1:15:17]} 15. Kxg2 {[%clk 1:01:01]} Ng4 {[%clk 1:11:20]} 16. Rd3
{[%clk 1:00:51]} Nd4 {[%clk 1:10:20]} 17. h3 {[%clk 0:56:17]} Nxf3
{[%clk 1:10:02]} 18. Rxf3 {[%clk 0:56:27]} Rxf3 {[%clk 1:10:27]} 19. hxg4
{[%clk 0:54:40]} Raf8 {[%clk 1:09:55]} 20. Rf1 {[%clk 0:54:15]} Qxg4
{[%clk 1:09:57]} 21. Ne7+ {[%clk 0:52:00]} Kh7 {[%clk 1:09:44]} 22. Qd5
{[%clk 0:51:53]} c6 {[%clk 1:09:26]} 23. Qxd6 {[%clk 0:50:59]} Qxe4
{[%clk 1:09:44]} 24. Kg1 {[%clk 0:50:42]} Rxf2 {[%clk 1:09:22]} 25. Rxf2
{[%clk 0:48:29]} Qe1+ {[%clk 1:09:46]} 26. Kg2 {[%clk 0:48:10]} Rxf2+
{[%clk 1:10:10]} 27. Kh3 {[%clk 0:48:18]} Qh1+ {[%clk 1:10:36]} 28. Kg4
{[%clk 0:48:06]} Qf3+ {[%clk 1:11:03]} 29. Kh3 {[%clk 0:48:18]} Qh5#
{[%clk 1:11:26]} 0-1